| 000 | 00714nam a22002057a 4500 | ||
|---|---|---|---|
| 999 |
_c180511 _d180511 |
||
| 005 | 20210810153852.0 | ||
| 010 | _aENG-129739 | ||
| 020 |
_a9789390168361 _c549.00 |
||
| 035 | _aEN-113271 | ||
| 037 | _bDBAD/PUB | ||
| 082 | _a330.954 | ||
| 100 | _aSrirangam, SriRam | ||
| 245 |
_aIndian economy: _bprinciples, policies and progress for UPSC and state civil services examination / _cby SriRam Srirangam, Manish Kumar [and] Rohit Deo Jha |
||
| 260 |
_aNoida _bPearson _c2021 |
||
| 270 |
_a15th Floor, Tower-B, World Trade Tower, Plot No.1, Block-C, Sector-16 _bNoida _e201301 |
||
| 300 |
_avp. _c23cm(pbk) |
||
| 700 | _aManish Kumar | ||
| 700 | _aJha, Rohit Deo | ||
| 942 |
_2ddc _cEN _h660 _mCHA |
||